[Event "Rasht Jangal Cup 1st"]
[Site "Rasht"]
[Date "2021.12.05"]
[Round "2"]
[White "Evaz Pour, Amirreza"]
[Black "Tahbaz, Arash"]
[Result "0-1"]
[WhiteElo "1730"]
[BlackElo "2466"]
[PlyCount "100"]
[EventDate "2021.12.05"]
[EventType "swiss"]
[EventRounds "9"]
[EventCountry "IRI"]
[SourceTitle "EXT 2023"]
[Source "ChessBase"]
[SourceDate "2022.10.05"]
[SourceVersion "1"]
[SourceVersionDate "2022.10.05"]
[SourceQuality "1"]

1. e4 c5 2. Nf3 e6 3. c3 d5 4. exd5 Qxd5 5. d4 Nf6 6. Bb5+ Bd7 7. Bxd7+ Nbxd7 8. 0-0 Be7 9. dxc5 Nxc5 10. Be3 0-0 11. Nbd2 Rad8 12. Qc2 e5 13. Bxc5 Bxc5 14. Rfe1 Rfe8 15. Ne4 Nxe4 16. Qxe4 Qxe4 17. Rxe4 f6 18. Rae1 Rd5 19. Kf1 Red8 20. R4e2 b5 21. Rc1 Kf7 22. a3 a5 23. Rcc2 Rd1+ 24. Re1 R1d3 25. Ree2 a4 26. Red2 Ke7 27. Rxd3 Rxd3 28. Rd2 Rxd2 29. Nxd2 f5 30. Ke2 e4 31. b4 axb3 32. Nxb3 Kd6 33. f3 Bg1 34. fxe4 fxe4 35. Nd2 Kd5 36. h3 Bc5 37. Nb1 g5 38. Nd2 Bxa3 39. Nf1 Bc5 40. Ng3 Bd6 41. Nf5 Be5 42. Kd2 h5 43. g4 h4 44. Ne3+ Kc5 45. Nf5 Bf4+ 46. Kc2 Kc4 47. Nd4 e3 48. Ne2 Be5 49. Ng1 Bxc3 50. Nf3 e2 0-1